000 02454cam a2200301 i 4500
003 SA-RiAUC
005 20241003123158.0
008 240922s1961 ua g 000 0 ara c
040 _aJO-AmJU
_bara
_cSA-RiAUC
_erda
082 0 4 _a227.3
090 _a227.3
_bخ ا ز
100 1 _aالخازن، علي بن محمد بن إبراهيم،
_d678-741 هجري
_eمؤلف.
245 1 0 _aتفسير الخازن، المسمى، لباب التأويل في معاني التنزيل /
_cلعلاء الدين علي بن محمد بن إبراهيم البغدادي. بهامشه تفسير البغوي، المسمى، معالم التنزيل.
246 3 3 _aلباب التأويل في معاني التنزيل
264 1 _aالقاهرة :
_bالمكتبة التجارية الكبرى،
_c1961
300 _a7 مجلد في 4
336 _aنص
_btxt
_2rdacontent
_3كتاب
337 _aبدون وسيط
_bn
_2rdamedia
338 _aمجلد
_bnc
_2rdacarrier
630 2 7 _aالقرآن
_xتفاسير
_2aucut
700 1 2 _aالبغوي، الحسين بن مسعود بن محمد،
_d436-510 هجري
740 0 2 _aتفسير البغوي، المسمى، معالم التنزيل.
740 0 2 _aمعالم التنزيل.
856 _uhttp://saaid.net/book/10/3045.rar
_yDigital Copy
_2 نرجو الانتباه لإمكانية وجود اختلاف في الطبعة أو الناشر بين البيانات على البوابة وما ستجده على الكتاب نظرا لمحدودية المعلومات المتاحة على الموقع الناشر للمادة.
_3Please note that there may be a difference in the edition or publisher between the data on the portal and the book due to the limited information available on the publisher website for the material.
856 _uhttp://saaid.net/book/open.php?cat=101&book=4298
_yExternal Link
_2 نرجو الانتباه لإمكانية وجود اختلاف في الطبعة أو الناشر بين البيانات على البوابة وما ستجده على الكتاب نظرا لمحدودية المعلومات المتاحة على الموقع الناشر للمادة.
_3Please note that there may be a difference in the edition or publisher between the data on the portal and the book due to the limited information available on the publisher website for the material.
942 _2ddc
_cRARE BOOK
_n0
949 _aSA-JeALM
_d240922
_umohamedma123
_n1
999 _c502
_d502